000 00406nam a2200157Ia 4500
008 210716s2009 xx 000 0 und d
020 _a9788120337206
041 _aeng
082 _a658.001 NADE
100 _aNadar, E Narayanan;Vijayan S.
245 _aManagerial economics.
250 _a1
260 _aNew Delhi
_bPHI Learning Pvt Ltd
_c2009
300 _axix,308
650 _aManagerial Economics
999 _c204784
_d204784